Statistics for Valorant VCT All Players

Click here to take the quiz!

General Stats

  • This quiz has been taken 59 times
  • The average score is 40 of 186

Answer Stats

HintAnswer% Correct
SentinelsTenz
83%
100 ThievesAsuna
73%
SentinelsSacy
73%
LOUDaspas
70%
Sentinelszekken
63%
FnaticBoaster
60%
Evil GeniusesDemon1
60%
SentinelspANcada
60%
LOUDsaadhak
60%
LOUDLess
55%
FnaticDerke
53%
LOUDtuyz
53%
Evil GeniusesC0M
50%
LOUDcauanzin
50%
100 ThievesCryocells
50%
Evil Geniusesjawgemo
50%
T1ban
48%
Team HereticsBoo
48%
FnaticLeo
48%
Cloud 9Zellsis
48%
Evil GeniusesBoostio
45%
FnaticChronicle
45%
Paper RexJinggg
45%
Cloud 9leaf
45%
DRXMaKo
45%
Karmine CorpScreaM
45%
Paper Rexsomething
45%
100 Thievesbang
43%
Natus VincerecNed
43%
100 ThievesDerrek
43%
Evil GeniusesEthan
43%
SentinelsMarved
43%
FnaticAlfajer
40%
Paper Rexf0rsakeN
40%
Team LiquidnAts
38%
DRXRb
38%
100 Thievesstellar
38%
DRXBuZz
35%
ZETA DIVISIONDep
35%
Paper Rexmindfreak
35%
DRXstax
35%
The Guardtrent
35%
Team LiquidRedgar
33%
DRXZest
33%
Natus VincereANGE1
30%
Gentle MatesAPO
30%
Evil GeniusesBcj
30%
Team LiquidJamppi
30%
The Guardtex
30%
Cloud 9Xeppaa
30%
Paper Rexd4v41
28%
Global EsportsMonyet
28%
Paper RexBenkai
25%
DRXFoxy9
25%
Cloud 9jakee
25%
KRÜ Esportskeznit
25%
Karmine CorpNivera
25%
T1Sayaplayer
25%
Bleed eSportssScary
25%
Natus VincereSUYGETSU
25%
T1Carpe
23%
The GuardJonahP
23%
ZETA DIVISIONLaz
23%
T1Munchkin
23%
Cloud 9runi
23%
Team LiquidSayf
23%
Natus VincereShao
23%
Global Esportst3xture
23%
GiantsCloud
20%
GiantsFit1nho
20%
Gentle MateslogaN
20%
FURIA Esportsmazin
20%
Gentle MatesnataNk
20%
The GuardneT
20%
KOISheydos
20%
Gentle MatesTakaS
20%
Gentle MatesWailers
20%
T1xeta
20%
Karmine Corpxms
20%
Natus VincereZyppan
20%
Gentle MatesbeyAz
18%
Giantshoody
18%
Gen.G Esportsk1Ng
18%
LeviatánkiNgg
18%
FURIA Esportsmwzera
18%
Giantsnukkye
18%
Evil GeniusesReformed
18%
Giantsrhyme
18%
Evil GeniusesScrewface
18%
Karmine CorpShin
18%
The Guardvalyn
18%
FUT EsportsATA KAPTAN
15%
BBL EsportsBrave
15%
Bleed eSportscrazyguy
15%
FURIA Esportsdgzin
15%
MIBRfrz
15%
Team SecretJessieVash
15%
KRÜ EsportsKlaus
15%
LeviatánMazino
15%
KRÜ EsportsMelser
15%
Gen.G EsportsMeteor
15%
Team Hereticsmixwell
15%
FUT EsportsMrFaliN
15%
FURIA Esportsqck
15%
Team Liquidsoulcas
15%
Team Hereticsbenjyfishy
13%
Paper RexCigaretteS
13%
KRÜ EsportsDaveeys
13%
Team VitalityDestrian
13%
Evil Geniusesicy
13%
Team Secretinvy
13%
Fnatickamyk
13%
KOIkoldamenta
13%
Cloud 9qpert
13%
MIBRRgLM
13%
LeviatánShyy
13%
Global EsportsSkRossi
13%
KOIstarxo
13%
ZETA DIVISIONSugarZ3ro
13%
Rex Regum Qeonxffero
13%
Rex Regum Qeon2ge
10%
BBL EsportsAsLanM4shadoW
10%
Global EsportsAYRIN
10%
Team VitalityceNder
10%
ZETA DIVISIONcrow
10%
Bleed eSportsDeryeon
10%
Team SecretJremy
10%
Bleed eSportsjuicy
10%
MIBRjzz
10%
FUT Esportsqw1
10%
DetonatioN FocusMeSeoldam
10%
DetonatioN FocusMeSuggest
10%
LeviatánTacolilla
10%
ZETA DIVISIONTENNN
10%
KOItrexx
10%
BBL EsportsTurko
10%
Karmine CorpZE1SH
10%
DetonatioN FocusMeAnthem
8%
Evil GeniusesApotheon
8%
Team HereticsAvovA
8%
DRXBeYN
8%
Team SecretBORKUM
8%
Talon EsportsCrws
8%
Team Liquiddimasick
8%
Rex Regum QeonEJAY
8%
Gen.G EsportsGodDead
8%
Team LiquidHarmii
8%
FURIA EsportsKhalil
8%
Rex Regum QeonLmemore
8%
MIBRmurizzz
8%
KRÜ EsportsNagZ
8%
LeviatánNozwerr
8%
BBL EsportsQutionerX
8%
100 Thievesthwifo
8%
KOIWolfen
8%
BBL EsportsaimDLL
5%
KRÜ Esportsaxeddy
5%
ZETA DIVISIONbarce
5%
Global EsportsBazzi
5%
Team VitalityBONECOLD
5%
Team SecretDubsteP
5%
Gen.G EsportseKo
5%
Rex Regum QeonEmman
5%
Rex Regum Qeonfl1pzjder
5%
Talon Esportsfoxz
5%
Talon EsportsgarnetS
5%
T1iNTRO
5%
Talon EsportsJitboyS
5%
Team Hereticskeloqz
5%
FURIA Esportskon4n
5%
Team Secretlenne
5%
Global EsportsLightningfast
5%
FUT Esportsmojj
5%
Team VitalityMOLSI
5%
FUT EsportsMuj
5%
Bleed eSportsNephh
5%
Talon Esportspatt
5%
FUT EsportsqRaxs
5%
DetonatioN FocusMeReita
5%
BBL EsportsSouhcNi
5%
Talon Esportssushiboys
5%
Gen.G EsportsSylvan
5%
DetonatioN FocusMetakej
5%
Gen.G EsportsTS
5%
MIBRTxozin
5%
DetonatioN FocusMexnfri
5%

Score Distribution

Percentile by Number Answered

Percent of People with Each Score

Your Score History

You have not taken this quiz